Kỹ thuật bảo trì công nghiệp

Kaydedildi:
Detaylı Bibliyografya
Yazar:  Phạm, Ngọc Tuấn
Materyal Türü: Sách
Dil:Undetermined
Baskı/Yayın Bilgisi:  Đại học Quốc gia Tp.Hồ Chí Minh  2013
Konular:
Etiketler: Etiketle
Etiket eklenmemiş, İlk siz ekleyin!
Thư viện lưu trữ: Trung tâm Thư viện - Trường Đại học Công nghiệp TP. Hồ Chí Minh
LEADER 00580nam a2200157Ia 4500
001 UIH_03181
008 231011s9999 xx 000 0 und d
082 |a  620.0046 
100 |a  Phạm, Ngọc Tuấn 
245 0 |a  Kỹ thuật bảo trì công nghiệp 
245 0 |c  Phạm, Ngọc Tuấn 
260 |b  Đại học Quốc gia Tp.Hồ Chí Minh 
260 |c  2013 
650 |a  Bảo trì kỹ thuật; Thiết bị công nghiệp;  
927 |a Sách 
980 |a Trung tâm Thư viện - Trường Đại học Công nghiệp TP. Hồ Chí Minh